| 000 | 00561nam a2200169Ia 4500 | ||
|---|---|---|---|
| 008 | 090201s9999 xx 000 0 und d | ||
| 010 | _aKPL-45556 | ||
| 040 | _bमराठी | ||
| 041 | _aमराठी | ||
| 082 |
_a10007 _b45556 |
||
| 100 | _aपु भा भावे | ||
| 245 |
_aआदेश विरुध्द क्षेत्र _cपु भा भावे |
||
| 260 |
_c2004 _bरावजी प्रकाशन |
||
| 300 |
_a166 _bमोठा |
||
| 600 | _aआदेश विरुध्द क्षेत्र | ||
| 942 | _cBOOK | ||
| 999 |
_c210481 _d210481 |
||